[Event "London e2e4 Diamond Jubilee op"]
[Site "London"]
[Date "2012.06.05"]
[Round "6"]
[White "Akhanov, Dauren"]
[Black "Kalaiyalahan, Akshaya"]
[Result "1-0"]
[WhiteElo "2149"]
[BlackElo "1646"]
[PlyCount "81"]
[EventDate "2012.06.02"]
[EventType "swiss"]
[EventRounds "9"]
[EventCountry "ENG"]
[SourceTitle "CBM 148 Extra"]
[Source "ChessBase"]
[SourceDate "2012.06.22"]
[SourceVersion "1"]
[SourceVersionDate "2012.06.22"]
[SourceQuality "1"]

1. e4 c5 2. Nf3 e6 3. d4 cxd4 4. Nxd4 d6 5. c4 a6 6. Nc3 Nf6 7. Be2 Qc7 8. 0-0 b6 9. Be3 Bb7 10. f3 Nbd7 11. Rc1 Be7 12. Qd2 0-0 13. Rfd1 Rac8 14. b3 Rfe8 15. Bf1 Qb8 16. Qf2 Bd8 17. Nde2 Bc7 18. Kh1 Qa8 19. Nf4 Qb8 20. Qd2 Red8 21. b4 Ne5 22. Qf2 Ned7 23. Nfe2 Qa8 24. Nd4 Qb8 25. h3 Qa8 26. a4 d5 27. exd5 exd5 28. Nf5 Re8 29. Nxd5 Nxd5 30. cxd5 Bxd5 31. Rxc7 Rxc7 32. Qg3 g6 33. Qxc7 gxf5 34. Qxd7 Bxf3 35. Re1 f4 36. Bf2 Rxe1 37. Bxe1 Qe4 38. Bc3 h6 39. Qd8+ Kh7 40. Bd3 Bxg2+ 41. Kh2 1-0

[Event "London e2e4 Diamond Jubilee op"]
[Site "London"]
[Date "2012.06.02"]
[Round "1"]
[White "Hebden, Mark"]
[Black "Akhanov, Dauren"]
[Result "1-0"]
[WhiteElo "2512"]
[BlackElo "2149"]
[PlyCount "71"]
[EventDate "2012.06.02"]
[EventType "swiss"]
[EventRounds "9"]
[EventCountry "ENG"]
[SourceTitle "CBM 148 Extra"]
[Source "ChessBase"]
[SourceDate "2012.06.22"]
[SourceVersion "1"]
[SourceVersionDate "2012.06.22"]
[SourceQuality "1"]

1. d4 Nf6 2. Nf3 c5 3. d5 d6 4. Nc3 e5 5. e4 g6 6. Be2 Bg7 7. 0-0 0-0 8. Nd2 Ne8 9. Nc4 f5 10. exf5 gxf5 11. a4 Nd7 12. f4 e4 13. Kh1 Ndf6 14. Rb1 Nc7 15. Ne3 Kh8 16. b4 Ng4 17. Qe1 Nxe3 18. Bxe3 Qf6 19. Rb3 cxb4 20. Nb5 Nxd5 21. Bd4 Qe7 22. Bxg7+ Kxg7 23. Bc4 Nf6 24. Qxb4 Rd8 25. Rg3+ Kf8 26. Bb3 a6 27. Nd4 d5 28. Qc3 Bd7 29. Rg5 e3 30. Nxf5 Bxf5 31. Rxf5 d4 32. Qc4 Kg7 33. Re5 Qd7 34. Qc5 Re8 35. Rxe8 Rxe8 36. Qg5+ 1-0